Determinants of Cross-border Cooperation between Austria and Slovak Republic: The Role of Bratislava and Vienna in the Development of Mutual Contacts
Historické a politické udalosti Bratislava - Viedeň. Vzájomná percepcia vzťahov, aktuálne podmienky pre ich rozvoj a možnosti budúcej spolupráce. Metódy komparácie, analýzy a syntézy.
Salvato in:
| Autore principale: | |
|---|---|
| Natura: | Capitolo di libro |
| Lingua: | polacco |
| Soggetti: | |
| Tags: |
Nessun Tag, puoi essere il primo ad aggiungerne!!
|
MARC
| LEADER | 00000nla a2200000 4500 | ||
|---|---|---|---|
| 001 | 0198589 | ||
| 005 | 20240502083504.9 | ||
| 041 | 0 | |a pol | |
| 044 | |a PL | ||
| 245 | 1 | 0 | |a Determinants of Cross-border Cooperation between Austria and Slovak Republic: The Role of Bratislava and Vienna in the Development of Mutual Contacts |c Boris Mattoš |
| 520 | |a Historické a politické udalosti Bratislava - Viedeň. Vzájomná percepcia vzťahov, aktuálne podmienky pre ich rozvoj a možnosti budúcej spolupráce. Metódy komparácie, analýzy a syntézy. | ||
| 610 | 2 | 0 | |a vzťahy bilaterálne |
| 610 | 2 | 0 | |a spolupráca cezhraničná |
| 610 | 2 | 0 | |a Rakúsko |
| 610 | 2 | 0 | |a Slovensko |
| 610 | 2 | 0 | |a aglomerácie mestské |
| 610 | 2 | 0 | |a mestá |
| 610 | 2 | 0 | |a spolupráca regionálna |
| 610 | 2 | 0 | |a analýza komparatívna |
| 100 | 1 | |a Mattoš, Boris, 1977- | |